| 000 | 01072nam a2200229Ia 4500 | ||
|---|---|---|---|
| 001 | L251-47204 | ||
| 003 | IT-CnALBA | ||
| 008 | 170116s9999||||xx |||||||||||||| ||und|| | ||
| 040 |
_aIT-CnALBA _cIT-CnALBA |
||
| 041 | _aITALIANO | ||
| 100 | _aMAGGIONI BRUNO, SAC. DOTT. | ||
| 245 | 0 | _aCRISTO MIA DOLCE ROVINA. | |
| 250 | _a1a ed. | ||
| 260 |
_aCASALE MONFERRATO (AL) _bPIEMME EDIZIONI _c1997 [1° Ed.:1997 - Ed.Ling.Originale: 1997] |
||
| 300 | _a131 p. | ||
| 500 | _aCURATORE BELLORA M. PELLEGRINI R. BRAMBILLA G. F. CORTI R. NEL GETSEMANI. GESÙ E IL LADRONE. E MARIA DI MAGDALA. PRIGIONIERI DELLA SPERANZA. IL QUINTO EVANGELIO, NECESSITÀ E RISCHIO. | ||
| 501 | _aSocietà San Paolo EM - Piazza San Paolo, 14 - 12051 ALBA (CN) (non commercial uses only) ® Copyright 2017 | ||
| 520 | _aCURATORE BELLORA M. PELLEGRINI R. BRAMBILLA G. F. CORTI R. NEL GETSEMANI. GESÙ E IL LADRONE. E MARIA DI MAGDALA. PRIGIONIERI DELLA SPERANZA. IL QUINTO EVANGELIO, NECESSITÀ E RISCHIO. | ||
| 650 | _aPREDICAZIONE - ORATORIA SACRA | ||
| 942 | _cBK | ||
| 957 | _71 | ||
| 999 |
_a53464 _bNO _g Copie: 1 _c306138 _d306138 |
||